[Event "Open ch-Skopje"]
[Site "Skopje MKD"]
[Date "2010.12.09"]
[Round "6"]
[White "Djordjevski,J"]
[Black "Vukelic,Z"]
[Result "0-1"]
[WhiteElo "2058"]
[BlackElo "1964"]

1.d4 d5 2.c4 c6 3.Nf3 Nf6 4.Nc3 dxc4 5.a4 Bf5 6.Ne5 Nbd7 7.Nxc4 e6 8.f3 Be7
9.e4 Bg6 10.Be2 O-O 11.O-O Qc7 12.Be3 Rfd8 13.Rc1 a6 14.Qd2 b5 15.Bf4 e5
16.axb5 exf4 17.bxc6 Qxc6 18.Qxf4 Qb7 19.Kh1 Rdc8 20.Rfd1 Qb4 21.Qd2 Bf8
22.e5 Ne8 23.Nd5 Qxd2 24.Rxd2 Rab8 25.g4 Nb6 26.Nf4 Nxc4 27.Bxc4 Be7 28.Nxg6 hxg6
29.Rdc2 Kf8 30.Bxa6 Rxc2 31.Rxc2 Bg5 32.Bc4 Bf4 33.Re2 f6 34.e6 Ke7 35.b3 Nd6
36.d5 g5 37.Ra2 Rb7 38.Ra8 Nxc4 39.bxc4 Rc7 40.Rg8 Kd6 41.Rd8+ Kc5 42.Kg2 Bd6
43.f4 Be7 44.d6 Bxd6 45.f5 Be5 46.h3 Kxc4 47.Kf3 Kc5 48.Ke4 Bd6 49.Ra8 Be7
50.Rg8 Kd6 51.Rxg7 Rc3 52.Rh7 Ra3 53.Kd4 Ra7 54.Kc4 Rb7 55.Rh8 Ke5 56.Ra8 Kf4
57.Kd5 Rc7 58.Rh8 Ke3  0-1

[Event "Moscow Teams"]
[Site "Moscow RUS"]
[Date "2010.12.12"]
[Round "4"]
[White "Krylov,M RUS"]
[Black "Kharitonov,AV"]
[Result "1/2-1/2"]
[WhiteElo "2516"]
[BlackElo "2524"]

1.d4 d5 2.c4 c6 3.Nf3 Nf6 4.Nc3 dxc4 5.a4 Bf5 6.Ne5 Nbd7 7.Nxc4 Qc7 8.g3 e5
9.dxe5 Nxe5 10.Bf4 Nfd7 11.Bg2 Be6 12.Nxe5 Nxe5 13.O-O Be7 14.Qc2 a6 15.Ne4 O-O
16.Qc3 f6 17.Ng5 fxg5 18.Bxe5 Bd6 19.Bxd6 Qxd6 20.Rad1 Qe7 21.f4 gxf4 22.gxf4 Rad8
23.Rxd8 Rxd8 24.e4 Qd7 25.f5 Bf7 26.Bf3 Qe7 27.a5 Qg5+ 28.Kh1 Qf6 29.Rd1 Rxd1+
30.Bxd1 Qd6 31.Bf3 Qf4 32.h3 g6 33.fxg6 hxg6 34.Bg2 Be6 35.Qc5 Qg3 36.Qe7  1/2-1/2

[Event "48th ch-IND"]
[Site "New Delhi IND"]
[Date "2010.12.15"]
[Round "7"]
[White "Babu,NS"]
[Black "Thakur,Ak"]
[Result "1-0"]
[WhiteElo "2318"]
[BlackElo "2358"]

1.d4 d5 2.Nf3 Nf6 3.c4 c6 4.Nc3 dxc4 5.a4 Bf5 6.Ne5 Nbd7 7.Nxc4 Qc7 8.Qd2 g6
9.g3 O-O-O 10.Qf4 Qxf4 11.Bxf4 Be6 12.e4 Nb6 13.Nxb6+ axb6 14.d5 Bg4 15.Bg2 Bg7
16.h3 Bd7 17.O-O Ne8 18.a5 bxa5 19.Rxa5 Nc7 20.Rc1 Bxc3 21.Rxc3 e6 22.b4 b6
23.Ra1 Nb5 24.dxc6  1-0

[Event "Rilton Cup 2010-11"]
[Site "Stockholm SWE"]
[Date "2010.12.28"]
[Round "2"]
[White "Johansson Linus"]
[Black "Blomqvist,E"]
[Result "1/2-1/2"]
[WhiteElo "1966"]
[BlackElo "2449"]

1.d4 d5 2.c4 c6 3.Nf3 Nf6 4.Nc3 dxc4 5.a4 Bf5 6.Ne5 Nbd7 7.Nxc4 Qc7 8.g3 e5
9.dxe5 Nxe5 10.Bf4 Nfd7 11.Bg2 f6 12.O-O O-O-O 13.Ne3 Be6 14.Qb1 Nc5 15.b4 Nb3
16.Ra2 g5 17.Ncd5 cxd5 18.Bxe5 Qxe5 19.Qxb3 Kb8 20.Rd2 d4 21.Qb2 Bg7 22.Rfd1 f5
23.Nc2 d3 24.Qxe5+ Bxe5 25.Rxd3 Rxd3 26.Rxd3 f4 27.Bd5 Bf5 28.e4 Bg4 29.f3 Bd7
30.Bb3 Bc8 31.Rd5 Re8 32.Kg2 h5 33.Ne1 fxg3 34.Nd3 Bc7 35.Rxg5 gxh2 36.Rxh5 Re7
37.e5 Rd7 38.Bc2 Rd4 39.Kxh2 Rc4 40.Bb1 a5 41.Kg3 axb4 42.Rh4 Rc3 43.Kf2  1/2-1/2

[Event "WSB Masters GM"]
[Site "Wroclaw POL"]
[Date "2010.12.29"]
[Round "4"]
[White "Golichenko,I"]
[Black "Sadzikowski,D"]
[Result "1-0"]
[WhiteElo "2417"]
[BlackElo "2371"]

1.d4 d5 2.Nf3 c6 3.c4 Nf6 4.Nc3 dxc4 5.a4 Bf5 6.Ne5 e6 7.g3 Bb4 8.Bg2 Ne4
9.Bxe4 Bxe4 10.O-O Bg6 11.Nxc4 O-O 12.Qb3 a5 13.Rd1 Na6 14.Bf4 Nc7 15.Na2 Nd5
16.Nxb4 Nxf4 17.gxf4 axb4 18.Qxb4 Qh4 19.Qd2 Rfd8 20.b4 Rd5 21.f3 Qh3 22.Qe1 Rad8
23.Qf2 Rf5 24.e3 Bh5 25.Rf1 g5 26.Qg3 Qxg3+ 27.hxg3 gxf4 28.gxf4 f6 29.Kf2 Rfd5
30.Rfc1 Bg6 31.Na5 R8d7 32.Rc5 b6 33.Rxd5 cxd5 34.Nc6 Rc7 35.Nd8 Rc8 36.Nxe6 Bf5
37.Nc5 bxc5 38.dxc5 Bd3 39.Ke1 Bc4 40.Kd2 Kf7 41.Kc3 h5 42.Kd4 h4 43.Rh1 Ra8
44.Rxh4 Rxa4 45.Rh7+ Ke8 46.Rb7 Ba6 47.Rb6 Kd7 48.Kxd5 Be2 49.c6+ Kc8 50.Rb7 Bxf3+
51.Kd6 Ra3 52.b5 Rxe3 53.Rf7 Rd3+ 54.Kc5 Rd5+ 55.Kb6 f5 56.Rf8+ Rd8 57.Rxd8+ Kxd8
58.Kb7 Ke7 59.Kb8  1-0

[Event "23rd Staufer-Open"]
[Site "Leinzell GER"]
[Date "2011.01.04"]
[Round "5"]
[White "Buhmann,R"]
[Black "Poetsch,H"]
[Result "1-0"]
[WhiteElo "2572"]
[BlackElo "2408"]

1.Nf3 Nf6 2.c4 c6 3.d4 d5 4.Nc3 dxc4 5.a4 Bf5 6.Ne5 Nbd7 7.Nxc4 Nb6 8.Ne3 Bg6
9.a5 Nbd5 10.Nexd5 Nxd5 11.Qb3 Rb8 12.e4 Nxc3 13.bxc3 Bxe4 14.Bf4 e5 15.dxe5 Bd5
16.Bc4 b5 17.axb6 Qxb6 18.Qxb6 axb6 19.Bxd5 cxd5 20.e6 Rc8 21.exf7+ Kxf7
22.Kd2 Bc5 23.Be5 Ra8 24.f4 Rhe8 25.Kd3 g6 26.Rhf1 Ke6 27.g4 Rxa1 28.Rxa1 Bd6
29.f5+ gxf5 30.gxf5+ Kd7 31.Bxd6 Kxd6 32.Rf1 Rf8 33.f6 Rf7 34.Kd4 Ke6 35.Rf2 Kd6
36.Rb2 Rb7 37.Rf2 Rf7 38.Rf1 Ke6 39.Re1+ Kd6 40.Rb1 Rb7 41.f7 Rxf7 42.Rxb6+ Kc7
43.Rh6 Rd7 44.Kc5 Kb7 45.h4 Rc7+ 46.Kd4 Rc4+ 47.Kd3 Kc7 48.h5 Rh4 49.Rxh7+ Kd6
50.h6 Rh3+ 51.Kc2 Kc6 52.Rh8 Kb7 53.Kd2 Ka7 54.h7 Kb7 55.Ke2 Ka7 56.Kf2 Kb7
57.Kg2 Rh5 58.Kg3 Rh6 59.Kf4 Rh5 60.Kg4 Rh1 61.Kf5 Rh2 62.Ke6 Rh5 63.Kd6 Ka7
64.Kc6 Rh6+ 65.Kxd5 Kb7 66.c4 Rh5+ 67.Kd4 Rh4+ 68.Kc3 Rh5 69.Kb4 Ka7 70.c5 Rh6
71.c6  1-0

[Event "Balogh-Rapport Match"]
[Site "Szombathely CZE"]
[Date "2011.01.04"]
[Round "1"]
[White "Rapport,R"]
[Black "Balogh,C"]
[Result "0-1"]
[WhiteElo "2531"]
[BlackElo "2604"]

1.d4 d5 2.c4 c6 3.Nf3 Nf6 4.Nc3 dxc4 5.a4 Bf5 6.e3 e6 7.Bxc4 Bb4 8.O-O Nbd7
9.Qe2 Bg6 10.e4 O-O 11.Bd3 Qa5 12.e5 Nd5 13.Ng5 Rfe8 14.Nxd5 Qxd5 15.Bc4 Qa5
16.h4 h5 17.Bd3 Nf8 18.Bxg6 fxg6 19.Be3 Rad8 20.Rfd1 Qd5 21.Nh3 Qe4 22.f3 Qf5
23.Bg5 Be7 24.Bf6 g5 25.Bxe7 Rxe7 26.Nxg5 Red7 27.Qf2 c5 28.Rac1 Rxd4 29.Rxd4 cxd4
30.f4 Nh7 31.Qf3 Nxg5 32.hxg5 d3 33.Rd1 d2 34.a5 h4 35.b3 Rd4 36.Qc3 Qxf4
37.g6 Rd8 38.b4 a6 39.Kh1 Qf2 40.Kh2 Qe2 41.Qc7 Rf8 42.Qd6 Qxd1 43.Qxe6+ Kh8
44.Qe7 Qh1+ 45.Kxh1 d1=Q+ 46.Kh2 Qd8  0-1

[Event "1st HDBank Cup"]
[Site "Ho Chi Minh City VIE"]
[Date "2011.01.05"]
[Round "4.1"]
[White "Zhao Jun"]
[Black "Gomez,Joh"]
[Result "0-1"]
[WhiteElo "2599"]
[BlackElo "2527"]

1.d4 d5 2.c4 c6 3.Nf3 Nf6 4.Nc3 dxc4 5.a4 Bf5 6.Ne5 Nbd7 7.Nxc4 Nb6 8.Ne5 a5
9.f3 Nfd7 10.Nxd7 Nxd7 11.e4 Bg6 12.Be2 e6 13.O-O Bb4 14.Be3 O-O 15.Qb3 Qc7
16.Kh1 Rad8 17.Rac1 Qb8 18.Rfd1 Kh8 19.Bg1 f5 20.e5 Bf7 21.Na2 Be7 22.Nc3 Rde8
23.Be3 Bd8 24.h3 Nb6 25.f4 Bc7 26.Bf3 Rd8 27.Qc2 Rd7 28.g4 Nd5 29.Bg1 fxg4
30.hxg4 Bg6 31.Qh2 Qd8 32.b3 Nb6 33.Be3 Rdf7 34.Kg2 Qd7 35.Qg3 Bd8 36.Rf1 Be7
37.Be4 Bxe4+ 38.Nxe4 Qd5 39.Qf3 g5 40.f5 exf5 41.Nxg5 Rg7 42.gxf5 Bxg5 43.f6 Bxf6+  0-1

[Event "1st HDBank Cup"]
[Site "Ho Chi Minh City VIE"]
[Date "2011.01.05"]
[Round "4.15"]
[White "Barbosa,O PHI"]
[Black "Pham Le Thao Nguyen"]
[Result "1-0"]
[WhiteElo "2461"]
[BlackElo "2343"]

1.d4 d5 2.c4 c6 3.Nf3 Nf6 4.Nc3 dxc4 5.a4 Bf5 6.Ne5 Nbd7 7.Nxc4 e6 8.f3 Nb6
9.Ne5 a5 10.g4 Bg6 11.h4 h6 12.Nxg6 fxg6 13.e4 Bb4 14.Be3 Qc7 15.Qb3 Qe7
16.O-O-O Nfd7 17.g5 Nf8 18.Bh3 Nbd7 19.Kb1 O-O-O 20.Na2 Bd6 21.d5 Nc5 22.Qc3 Nfd7
23.dxe6 Nxe6 24.Qxa5 hxg5 25.hxg5 Rhe8 26.Qc3 Bc7 27.Nb4 Nxg5 28.Bxg5 Qxg5
29.Rxd7 Rxd7 30.Rd1 Re7 31.Nxc6 bxc6 32.Qxc6 Qe5 33.Rd5 Qxd5 34.exd5 Rf7
35.d6  1-0

[Event "23rd Staufer-Open"]
[Site "Leinzell GER"]
[Date "2011.01.05"]
[Round "8"]
[White "Ikonnikov,Vy"]
[Black "Overbeck,T"]
[Result "1/2-1/2"]
[WhiteElo "2580"]
[BlackElo "2310"]

1.d4 d5 2.Nf3 Nf6 3.c4 c6 4.Nc3 dxc4 5.a4 Bf5 6.e3 e6 7.Bxc4 Bb4 8.O-O O-O
9.Qe2 Bg6 10.Ne5 Nbd7 11.Nxg6 hxg6 12.f4 Qa5 13.Bd2 c5 14.d5 exd5 15.Bxd5 Nxd5
16.Nxd5 Rfe8 17.Bxb4 cxb4 18.Qb5 Qxb5 19.axb5 Re4 20.Rfc1 Nf6 21.Nxf6+ gxf6
22.Rc7 a5 23.Rxb7 Rxe3 24.b6 Re6 25.b3 Kg7 26.Rd1 Ra6 27.Rdd7 Rexb6 28.Rxf7+ Kg8
29.Rg7+ Kh8 30.Rh7+ Kg8 31.Rbg7+ Kf8 32.Rc7 Kg8 33.Rhg7+ Kf8 34.h4 f5 35.h5 gxh5
36.Rcf7+ Ke8 37.Rxf5 a4 38.Rxh5 Kf8 39.Rd7 Kg8 40.Rg5+ Kf8 41.Rc5 Rb8 42.bxa4 b3
43.Rf5+ Kg8 44.Rg5+ Kh8 45.Rd3 Kh7 46.Rd7+ Kh6 47.Rd3 Kh7 48.Rd7+ Kh6 49.Rd3 Kh7  1/2-1/2

[Event "Balogh-Rapport Match"]
[Site "Szombathely CZE"]
[Date "2011.01.06"]
[Round "3"]
[White "Rapport,R"]
[Black "Balogh,C"]
[Result "0-1"]
[WhiteElo "2531"]
[BlackElo "2604"]

1.d4 d5 2.c4 c6 3.Nf3 Nf6 4.Nc3 dxc4 5.a4 Bf5 6.e3 e6 7.Bxc4 Bb4 8.O-O O-O
9.Qe2 Ne4 10.Na2 Be7 11.Bd3 c5 12.Rd1 Nd7 13.dxc5 Qc7 14.b4 a5 15.Nd4 axb4
16.f3 Nc3 17.Nxc3 bxc3 18.Nxf5 exf5 19.c6 Nc5 20.cxb7 Qxb7 21.Bxf5 Rxa4 22.Rxa4 Nxa4
23.Qc2 g6 24.Rd7 Qb4 25.Rd4 Qc5 26.Bxg6 hxg6 27.Qxa4 Bf6 28.Rd7 Qb6 29.Qa2 Qb5
30.Ra7 Qd3 31.Kf2 Qd1 32.Ba3 c2 33.Qc4 Qd2+ 34.Kg3 Qxe3 35.Bxf8 Qxa7 36.Bd6 Qd4
37.Qc8+ Kh7 38.Bf4 Be5 39.Bxe5 Qxe5+ 40.f4 Qe3+  0-1

[Event "TCh-NED Meesterklasse 2010-11"]
[Site "Netherlands NED"]
[Date "2011.01.08"]
[Round "5.7"]
[White "Van de Griendt,JW"]
[Black "Kleijn,C"]
[Result "0-1"]
[WhiteElo "2331"]
[BlackElo "2427"]

1.d4 d5 2.c4 c6 3.Nf3 Nf6 4.Nc3 dxc4 5.a4 Bf5 6.Ne5 Nbd7 7.Nxc4 Qc7 8.g3 e5
9.dxe5 Nxe5 10.Bf4 Nfd7 11.Bg2 f6 12.O-O O-O-O 13.Nxe5 Nxe5 14.Qb3 Qf7 15.Qxf7 Nxf7
16.Be3 Kb8 17.a5 a6 18.Rfd1 Bd6 19.Bb6 Bc7 20.Be4 Be6 21.Rxd8+ Bxd8 22.Bxd8 Nxd8
23.f4 Nf7 24.Kf2 Nd6 25.Bd3 Bb3 26.Ra3 Bc4 27.Bxc4 Nxc4 28.Ra4 Nd6 29.e4 Kc7
30.Kf3 Re8 31.Rd4 c5 32.Rd5 Kc6 33.Rh5 h6 34.b3 Nb5 35.Nxb5 axb5 36.g4 Rd8
37.Ke3 Rd1 38.g5 hxg5 39.fxg5 Rb1 40.gxf6 Rxb3+ 41.Kd2 gxf6 42.Rf5 c4 43.Rxf6+ Kc5
44.Rf7 Rd3+ 45.Kc2 b4 46.Rxb7 Ra3 47.Rc7+ Kd4 48.Rd7+ Kxe4 49.Re7+ Kd5 50.Rd7+ Kc6
51.Rh7 Ra2+ 52.Kb1 b3 53.Rh8 Kc5 54.a6 Rxa6  0-1

[Event "10th Praha Open A"]
[Site "Prague CZE"]
[Date "2011.01.09"]
[Round "3"]
[White "Zilka,S"]
[Black "Kovar,V"]
[Result "1-0"]
[WhiteElo "2479"]
[BlackElo "2343"]

1.d4 d5 2.Nf3 Nf6 3.c4 c6 4.Nc3 dxc4 5.a4 Bf5 6.Ne5 e6 7.f3 c5 8.e4 Bg6 9.Be3 cxd4
10.Qxd4 Qxd4 11.Bxd4 a6 12.h4 Nh5 13.Bxc4 f6 14.Nxg6 hxg6 15.Bxe6 Nf4 16.Bd5 Nc6
17.Bxc6+ bxc6 18.g3 Nd3+ 19.Ke2 Rd8 20.Kxd3 Bc5 21.Ne2 Bxd4 22.Nxd4 c5 23.Rhd1 Rxd4+
24.Kc3 Rb4 25.Rd5 Ke7 26.Ra3 Rhb8 27.b3 Rc8 28.Rxc5 Rxc5+ 29.Kxb4 Kd6 30.a5 Rc1
31.Ra2 Rf1 32.Rd2+ Kc7 33.Rd3 Rg1 34.g4 Rh1 35.Kc5 Rc1+ 36.Kd5 Kd7 37.b4 Rc8
38.f4 Rc1 39.e5 fxe5 40.Kxe5+ Kc7 41.Rd4 Re1+ 42.Re4 Rg1 43.g5 Kd7 44.f5  1-0

[Event "68th ch-GEO w"]
[Site "Anaklia GEO"]
[Date "2011.01.10"]
[Round "1.2"]
[White "Paikidze,N"]
[Black "Mikadze,M"]
[Result "0-1"]
[WhiteElo "2455"]
[BlackElo "2362"]

1.d4 d5 2.c4 c6 3.Nc3 Nf6 4.Nf3 dxc4 5.a4 Bf5 6.Ne5 Nbd7 7.Nxc4 Nb6 8.Ne5 a5
9.f3 Nfd7 10.Nxd7 Nxd7 11.e4 Bg6 12.Be3 Qb6 13.Qd2 e5 14.Rd1 Rd8 15.h4 h6
16.h5 Bh7 17.Be2 Be7 18.dxe5 Qb4 19.Qc1 Nxe5 20.O-O O-O 21.f4 Nc4 22.Na2 Bc5
23.Bxc4 Bxe3+ 24.Qxe3 Qxc4 25.Nc3 Rfe8 26.Rxd8 Rxd8 27.f5 f6 28.Rf2 Qd4 29.Qxd4 Rxd4
30.Kf1 Kf8 31.Ke2 Bg8 32.Ke3 Rb4 33.Rd2 Ke7 34.g4 Bb3 35.Ne2 Rxa4 36.Nf4 Ra1
37.Nd3 b6 38.e5 fxe5 39.Nxe5 Re1+ 40.Kf4 Bd5 41.Ng6+ Kf6 42.Nf8 Re4+ 43.Kg3 b5
44.Rf2 Kf7 45.Nd7 Ke7 46.Nc5 Re1 47.Rd2 Kf6 48.Nd3 Rg1+ 49.Kf4 Rf1+ 50.Kg3 b4
51.Kh4 Rh1+ 52.Kg3 Kg5 53.Ne5 Rg1+ 54.Kh3 Re1  0-1

[Event "Australian Open"]
[Site "Cammeray AUS"]
[Date "2011.01.10"]
[Round "8.2"]
[White "Xie,G"]
[Black "Zhao Zong Yuan"]
[Result "0-1"]
[WhiteElo "2478"]
[BlackElo "2586"]

1.Nf3 d5 2.d4 c6 3.c4 Nf6 4.Nc3 dxc4 5.a4 Bf5 6.Nh4 e6 7.Nxf5 exf5 8.a5 Bb4
9.Qa4 Nd5 10.Bd2 O-O 11.e3 f4 12.e4 Qe7 13.e5 b5 14.axb6 Nxb6 15.Qc2 c5 16.dxc5 Qxe5+
17.Be2 Bxc5 18.Qe4 N8d7 19.Bf3 Qxe4+ 20.Bxe4 Rad8 21.Bxf4 Nf6 22.O-O Nxe4
23.Nxe4 Bd4 24.Nc3 Nd5 25.Bd2 Nf6 26.Ra4 Ng4 27.Bf4 Rfe8 28.Bg3 Ne5 29.Bxe5 Bxe5
30.Rxc4 Rb8 31.Re4 f5 32.Re2 Bf6 33.Rc2 Rb3 34.g3 Reb8 35.Nd5 Bxb2 36.Ne7+ Kf8
37.Nc6 Rc8 38.Rb1 a6 39.Rc4 Rb5 40.Rd1 Bf6 41.Kg2 Rc7 42.Rd2 g6 43.Ra2 Rb6
44.Nb8 Ra7 45.Rc6 Rxc6 46.Nxc6 Ra8 47.Ra5 Be7 48.Nxe7 Kxe7 49.h4 Kd6 50.h5 Kc6
51.hxg6 hxg6 52.g4 Kb6 53.Re5 fxg4 54.Kg3 a5 55.Kxg4 a4 56.Re2 a3 57.Ra2 Kc5
58.Kg5 Ra6 59.f4 Kc4 60.Kg4 Ra5  0-1

[Event "68th ch-GEO w"]
[Site "Anaklia GEO"]
[Date "2011.01.12"]
[Round "3.3"]
[White "Danelia,M"]
[Black "Mikadze,M"]
[Result "1/2-1/2"]
[WhiteElo "2248"]
[BlackElo "2362"]

1.d4 d5 2.c4 c6 3.Nf3 Nf6 4.Nc3 dxc4 5.a4 Bf5 6.Ne5 Nbd7 7.Nxc4 Nb6 8.Ne3 Bg6
9.a5 Nbd5 10.Qb3 Nxe3 11.Bxe3 Qd7 12.f3 e6 13.Bf2 Be7 14.e4 O-O 15.Bc4 Ne8
16.O-O Nd6 17.Be2 f5 18.e5 Ne8 19.f4 Nc7 20.Bf3 Nd5 21.Nxd5 cxd5 22.Be2 a6
23.Rfc1  1/2-1/2

[Event "9th Parsvnath Open"]
[Site "New Delhi IND"]
[Date "2011.01.13"]
[Round "8"]
[White "Postny,E"]
[Black "Oleksienko,M"]
[Result "1/2-1/2"]
[WhiteElo "2592"]
[BlackElo "2552"]

1.d4 d5 2.c4 c6 3.Nf3 Nf6 4.Nc3 dxc4 5.a4 Bf5 6.Ne5 Nbd7 7.Nxc4 Nb6 8.Ne5 a5
9.f3 Nfd7 10.Nxd7 Nxd7 11.e4 Bg6 12.Be2 e5 13.dxe5 Qb6 14.f4 Nc5 15.Be3 Qxb2
16.Nb5 Qb4+ 17.Bd2 Qxe4 18.Nc7+ Kd7 19.Nxa8 Nd3+ 20.Kf1 Bb4 21.Bxd3 Qxd3+
22.Qe2 Rxa8 23.Bxb4 Qxe2+ 24.Kxe2 axb4 25.g4 Bc2 26.a5 b3 27.Kd2 b2 28.Kxc2 bxa1=Q
29.Rxa1 c5 30.f5 Kc6 31.Ra3 b5 32.a6 Kd5 33.a7 Kxe5 34.Ra6 Kf4 35.f6 g6 36.h3 h5
37.gxh5 gxh5 38.Kd3 h4 39.Ra5 Kg3 40.Ke4 c4 41.Ra3+ Kg2 42.Kd4 b4 43.Ra2+ Kxh3
44.Kxc4 Kg3 45.Kb5 b3 46.Ra3 Kg4 47.Kb6 b2 48.Rb3 Kg5 49.Rxb2 Kxf6 50.Kb7 Re8
51.Re2 Rd8 52.Rd2 Re8 53.Re2 Rd8 54.Rf2+ Kg5 55.Rxf7 h3 56.Rh7 Kg4 57.a8=Q Rxa8
58.Kxa8 Kg3 59.Rxh3+ Kxh3  1/2-1/2

[Event "TCh-SVK Extraliga 2010-11"]
[Site "Prievidza CZE"]
[Date "2011.01.15"]
[Round "3.2"]
[White "Ftacnik,L"]
[Black "Polak,T"]
[Result "0-1"]
[WhiteElo "2578"]
[BlackElo "2532"]

1.Nf3 d5 2.d4 Nf6 3.c4 c6 4.Nc3 dxc4 5.a4 Bf5 6.Nh4 Bc8 7.e3 e5 8.Bxc4 exd4
9.exd4 Be7 10.O-O O-O 11.Re1 Nd5 12.Nf3 Be6 13.Qb3 Na6 14.Bd2 Rb8 15.Bxd5 Bxd5
16.Nxd5 cxd5 17.Rac1 Bd6 18.Bg5 f6 19.Bd2 Rf7 20.Nh4 Qd7 21.g3 Bf8 22.Ng2 Rd8
23.Nf4 g5 24.Ne6 Re8 25.Nxf8 Rxe1+ 26.Rxe1 Rxf8 27.f4 h6 28.f5 Nb8 29.Qf3 Nc6
30.Bc3 Kg7 31.Re3 a5 32.g4 Rc8 33.Qe2 Kf7 34.Qb5 Ra8 35.Kf2 h5 36.h3 h4 37.Kf1 Nb8
38.Qe2 Nc6 39.Qb5 Nb8 40.Re6 Qxb5+ 41.axb5 Nd7 42.Rd6 Ke7 43.Rxd5 Nb6 44.Rc5 Kd6
45.Bd2 Nd5 46.Rc1 a4 47.Ra1 Rc8 48.Ke2 Rc2 49.Rb1 Nf4+ 50.Kd1 Rc4 51.Bxf4+ gxf4
52.Ke2 Rb4 53.Re1 Rxb2+ 54.Kf3 Rxb5 55.Kxf4 a3 56.g5 fxg5+ 57.Kg4 a2 58.f6 Rb2
59.Kxg5 Rf2 60.Kg6 b5 61.f7 b4 62.Re2 Rxf7 63.Rxa2 Rf4 64.Ra5 Rxd4 65.Rb5 Kc6
66.Rb8 Kd5 67.Kg5 Kc4  0-1

[Event "TCh-SWE Elitserien 2010-11"]
[Site "Sweden SWE"]
[Date "2011.01.15"]
[Round "6"]
[White "Arnelind,M"]
[Black "Akesson,J"]
[Result "0-1"]
[WhiteElo "2192"]
[BlackElo "2301"]

1.d4 d5 2.c4 c6 3.Nc3 Nf6 4.Nf3 dxc4 5.a4 Bf5 6.e3 e6 7.Bxc4 Bb4 8.O-O O-O
9.Qe2 Bg6 10.Ne5 Nbd7 11.Nxg6 hxg6 12.Rd1 Qa5 13.Bd2 e5 14.d5 Rad8 15.dxc6 bxc6
16.Be1 Nc5 17.Qc2 Rxd1 18.Rxd1 e4 19.h3 Rb8 20.f3 Qc7 21.Bh4 Bxc3 22.bxc3 Nd5
23.Bg5 Ne6 24.Bxd5 cxd5 25.Bh4 exf3 26.gxf3 Qe5 27.Qd2 Qh5 28.Bg3 Rd8 29.Rf1 Ng5
30.Qe2 Qxh3 31.Qh2 Qf5 32.Bf4 Nh3+ 33.Kg2 Nxf4+ 34.Qxf4 Qc2+ 35.Rf2 Qxc3
36.Qg5 Qf6 37.Qxf6 gxf6 38.Rb2 d4 39.exd4 Rxd4 40.a5 Ra4 41.Rb5 a6 42.Rb6 Rxa5
43.Rxf6 Rg5+ 44.Kf2 a5 45.Ra6 Rf5 46.Ke3 Kf8 47.Rd6 Ke7 48.Rd4 Rb5 49.Kd3 Rb3+
50.Ke2 Rb6 51.Ra4 Ra6 52.Kd3 Kd6 53.Kd4 Kc6 54.Kc4 Ra7 55.Ra1 a4 56.Ra3 Ra8
57.f4 Ra7 58.Kd4 Kb5 59.Kc3 Kc5  0-1

[Event "9th Parsvnath Open"]
[Site "New Delhi IND"]
[Date "2011.01.16"]
[Round "11"]
[White "Stefansson,H"]
[Black "Ragger,M"]
[Result "0-1"]
[WhiteElo "2580"]
[BlackElo "2615"]

1.d4 d5 2.c4 c6 3.Nf3 Nf6 4.Nc3 dxc4 5.a4 Bf5 6.Nh4 e6 7.Nxf5 exf5 8.e3 Bb4
9.Bxc4 O-O 10.O-O Nbd7 11.Qc2 g6 12.f3 Qb6 13.Kh1 c5 14.Ba2 Rac8 15.Qd3 a6
16.Bd2 Qd6 17.Rad1 cxd4 18.exd4 Nc5 19.Qc2 Ne6 20.Bh6 Rfe8 21.Qb3 a5 22.Nb5 Qd7
23.Rc1 Rcd8 24.Rfd1 Nd5 25.Qc2 Qe7 26.Bd2 Qh4 27.Bc4 f4 28.Bxb4 axb4 29.Qb3 Ne3
30.Re1 Ng5 31.Re2 Nf5 32.Kg1 Rxe2 33.Bxe2 Ne3  0-1

[Event "68th ch-GEO w"]
[Site "Anaklia GEO"]
[Date "2011.01.18"]
[Round "8"]
[White "Paikidze,N"]
[Black "Javakhishvili,L"]
[Result "1/2-1/2"]
[WhiteElo "2455"]
[BlackElo "2438"]

1.d4 d5 2.c4 c6 3.Nc3 Nf6 4.Nf3 dxc4 5.a4 Bf5 6.Ne5 Nbd7 7.Nxc4 Qc7 8.g3 e5
9.dxe5 Nxe5 10.Bf4 Nfd7 11.Bg2 g5 12.Ne3 gxf4 13.Nxf5 O-O-O 14.Qc2 Ng4 15.O-O fxg3
16.hxg3 h5 17.Rac1 Kb8 18.Nb5 Qb6 19.Nbd4 Nde5 20.Qe4 Bc5 21.e3 Bxd4 22.Nxd4 Qc7
23.f4 f5 24.Nxf5 Nd3 25.Rc2 Rhe8 26.Qf3 Qa5 27.Nd4 Rxd4 28.exd4 Re3 29.Qd1 Qxa4
30.Bf3 Qxd4 31.Kh1 Qd7 32.Rd2 c5 33.b3 a5 34.Qa1 Re8 35.Qc3 Re3 36.Qh8+ Ka7
37.Qxh5 Nf6 38.Qh4 Ne4 39.Bxe4 Rxe4 40.Qh2 Re7 41.Rfd1 Re3 42.Rxd3 Rxd3 43.Rxd3 Qxd3
44.Qf2 Qxb3 45.Qxc5+ Qb6 46.Qc2  1/2-1/2

[Event "3rd Chennai Open"]
[Site "Chennai IND"]
[Date "2011.01.18"]
[Round "1"]
[White "Ashwin,J"]
[Black "Abhishek,K"]
[Result "1-0"]
[WhiteElo "2427"]
[BlackElo "2276"]

1.d4 d5 2.c4 c6 3.Nf3 Nf6 4.Nc3 dxc4 5.a4 Bf5 6.Ne5 Nbd7 7.Nxc4 Nb6 8.Ne5 a5
9.f3 g6 10.e4 Be6 11.d5 Bd7 12.Qb3 cxd5 13.Be3 Nc8 14.Nxd5 Nxd5 15.Bb5  1-0

[Event "GMA"]
[Site "Marianske Lazne CZE"]
[Date "2011.01.19"]
[Round "6"]
[White "Malaniuk,V"]
[Black "Ivanov,MM"]
[Result "1/2-1/2"]
[WhiteElo "2518"]
[BlackElo "2431"]

1.d4 d5 2.c4 c6 3.Nf3 Nf6 4.Nc3 dxc4 5.a4 Bf5 6.e3 e6 7.Bxc4 Bb4 8.O-O Nbd7
9.Nh4 O-O 10.Nxf5 exf5 11.h3 a5  1/2-1/2

[Event "3rd Chennai Open"]
[Site "Chennai IND"]
[Date "2011.01.20"]
[Round "4"]
[White "Neelotpal,D"]
[Black "Shaikh,N"]
[Result "1/2-1/2"]
[WhiteElo "2477"]
[BlackElo "2113"]

1.d4 d5 2.Nf3 Nf6 3.c4 c6 4.Nc3 dxc4 5.a4 Bf5 6.e3 e6 7.Bxc4 Bb4 8.O-O O-O
9.Nh4 Bg4 10.f3 Bh5 11.g4 Nd5 12.Ng2 Bg6 13.Bd2 Be7 14.Kh1 Nd7 15.e4 Nxc3
16.Bxc3 Nb6 17.Bb3 c5 18.dxc5 Bxc5 19.Qe2 Qe7 20.f4 f6 21.f5 Bf7 22.Nf4 exf5
23.Bxf7+ Rxf7 24.gxf5 Bd6 25.Ne6 Nd7 26.Rad1 Nf8 27.Qc4 Re8 28.Qd5 Bb4 29.Bxb4 Qxb4
30.Rd4 Qxb2 31.Nd8 Rxd8 32.Qxd8 Qe2 33.Kg1 Qg4+ 34.Kh1 Rd7 35.Rxd7 Qxe4+
36.Kg1 Qg4+ 37.Kh1 Qe4+ 38.Kg1 Qg4+ 39.Kh1 Qe4+  1/2-1/2

[Event "3rd Chennai Open"]
[Site "Chennai IND"]
[Date "2011.01.21"]
[Round "5"]
[White "Postny,E"]
[Black "Oleksienko,M"]
[Result "1/2-1/2"]
[WhiteElo "2592"]
[BlackElo "2552"]

1.d4 d5 2.c4 c6 3.Nf3 Nf6 4.Nc3 dxc4 5.a4 Bf5 6.Ne5 Nbd7 7.Nxc4 Nb6 8.Ne5 a5
9.f3 Nfd7 10.Nxd7 Nxd7 11.e4 Bg6 12.Be2 f6 13.d5 e5 14.dxe6 Nc5 15.Be3 Qxd1+
16.Rxd1 Nxe6 17.Bc4 Bf7 18.Rd2 Bb4 19.Kf2 Ke7 20.Rhd1 Rhd8 21.Rxd8 Rxd8 22.Rxd8 Nxd8
23.Bxf7 Nxf7 24.Na2 Kd6 25.Ke2 Bc5 26.Bf4+ Ne5 27.Nc1 Bd4 28.Nd3 Ke6 29.b3 Nxd3
30.Kxd3 Be5 31.Bd2 Bxh2 32.Bxa5  1/2-1/2

[Event "3rd Chennai Open"]
[Site "Chennai IND"]
[Date "2011.01.21"]
[Round "6"]
[White "Laxman,R"]
[Black "Saravana,Kr"]
[Result "1-0"]
[WhiteElo "2463"]
[BlackElo "2280"]

1.Nf3 Nf6 2.c4 c6 3.d4 d5 4.Nc3 dxc4 5.a4 Bf5 6.e3 e6 7.Bxc4 Bb4 8.O-O Nbd7
9.Qe2 O-O 10.Rd1 Qc7 11.e4 Bg4 12.e5 Nd5 13.Bd2 Bxc3 14.bxc3 f6 15.Bd3 fxe5
16.Bxh7+ Kh8 17.Be4 N7f6 18.c4 Nf4 19.Bxf4 exf4 20.h3 Bh5 21.Bc2 Rae8 22.Qe5 Re7
23.Qg5 Bxf3 24.gxf3 e5 25.c5 exd4 26.Qh4+ Kg8 27.Rxd4 g6 28.Rd6 Rh7 29.Qg5 Rh5
30.Qxf4 Rxc5 31.Bb3+ Kg7 32.Rad1 Qe7 33.Be6 Rh5 34.Qd4 Kh6 35.Qe3+ g5 36.f4 Nd5
37.Qe5 Rf6 38.f5 Nb6 39.Rd8 Qg7 40.Rg8  1-0

[Event "Belgrade Individual 2011"]
[Site "Belgrade SRB"]
[Date "2011.01.22"]
[Round "1.12"]
[White "Dimitrijevic,Mir"]
[Black "Klasan,V"]
[Result "0-1"]
[WhiteElo "1979"]
[BlackElo "2365"]

1.d4 d5 2.c4 c6 3.Nf3 Nf6 4.Nc3 dxc4 5.a4 Bf5 6.e3 e6 7.Bxc4 Bb4 8.O-O O-O
9.Na2 Bd6 10.b4 Nbd7 11.Bb2 Qc7 12.h3 e5 13.dxe5 Nxe5 14.Nxe5 Bxe5 15.Bxe5 Qxe5
16.Qb3 b5 17.Be2 Ne4 18.Rad1 Be6 19.Qa3 bxa4 20.Bf3 a5 21.Bxe4 Qxe4 22.bxa5 Rxa5
23.Qc3 Rg5 24.f3 Qg6 25.g4 Bxa2  0-1

[Event "TCh-CZE 2010-11"]
[Site "Czech Rep CZE"]
[Date "2011.01.22"]
[Round "6.2"]
[White "Rogozenco,D"]
[Black "Bindrich,F"]
[Result "1/2-1/2"]
[WhiteElo "2534"]
[BlackElo "2504"]

1.d4 d5 2.c4 c6 3.Nf3 Nf6 4.Nc3 dxc4 5.a4 Bf5 6.Ne5 Nbd7 7.Nxc4 Nb6 8.Ne5 a5
9.g3 e6 10.Bg2 Bb4 11.O-O O-O 12.e3 h6 13.Qe2 Bh7 14.Rd1 Qe7 15.e4 Rfd8 16.Bf4 c5
17.dxc5 Bxc5 18.Qb5 g5 19.Bd2 Bd4 20.Nf3 Bc5 21.Ne5 Bd4 22.Nf3 Bc5 23.Ne5  1/2-1/2

[Event "TCh-NOR Attack-serien 2010-11"]
[Site "Oslo NOR"]
[Date "2011.01.22"]
[Round "5"]
[White "Hole,O"]
[Black "Harestad,H"]
[Result "1-0"]
[WhiteElo "2380"]
[BlackElo "2265"]

1.Nf3 d5 2.d4 Nf6 3.c4 c6 4.Nc3 dxc4 5.a4 Bf5 6.e3 e6 7.Bxc4 Bb4 8.O-O O-O
9.Nh4 Nbd7 10.Nxf5 exf5 11.Qc2 g6 12.f3 Qb6 13.Kh1 c5 14.Qb3 Rac8 15.d5 Ba5
16.Qa2 Ne5 17.Rd1 Qb4 18.b3 Nxc4 19.bxc4 Qxc3 20.Bd2 Qe5 21.Bxa5 Qxe3 22.Qb2 Nh5
23.Bd2 Qf2 24.Qb3 f4 25.Rf1 Qh4 26.Kg1 Rfe8 27.Rfe1 Rcd8 28.a5 Ng7 29.Re4 Rxe4
30.fxe4 Re8 31.Qf3 Qe7 32.Re1 g5 33.Bc3 f6 34.e5 fxe5 35.Rxe5 Qd7 36.Rxg5 Re3
37.Rxg7+ Qxg7 38.Qxe3 fxe3 39.Bxg7 Kxg7 40.Kf1 Kf6 41.Ke2 Ke5 42.Kxe3 b5
43.axb6 axb6 44.g4  1-0

[Event "71st ch-ARM"]
[Site "Yerevan ARM"]
[Date "2011.01.22"]
[Round "5"]
[White "Pashikian,A"]
[Black "Petrosian,TL"]
[Result "1/2-1/2"]
[WhiteElo "2640"]
[BlackElo "2604"]

1.d4 d5 2.c4 c6 3.Nf3 Nf6 4.Nc3 dxc4 5.a4 Bf5 6.e3 e6 7.Bxc4 Nbd7 8.O-O Bb4
9.Qe2 O-O 10.e4 Bg6 11.Bd3 Re8 12.Rd1 e5 13.Nxe5 Bxc3 14.bxc3 Nxe4 15.Bxe4 Bxe4
16.Bf4 Bf5 17.Qf3 Qe7 18.h3  1/2-1/2